00368 a2200109 4500001001000000005001700010008004100027245010100068100002400169700002400193773004100217ART_4693120260410161630.0260409a 10aResponsabilidad penal de las personas jurídicas, el compliance y la delegación reglamentaria1 aFerraro, Ricardo H.1 aSantacruz, Lidia M.0 tEnfoquesg- N°7 (jul. 2018)wREV416